Az Ericsson külső public relations tevékenységének bemutatása
Elmentve itt :
| Szerző: | |
|---|---|
| További közreműködők: | |
| Dokumentumtípus: | Szakdolgozat |
| Megjelent: |
2005
|
| Tárgyszavak: | |
| Online Access: | http://diploma.bibl.u-szeged.hu/38880 |
| LEADER | 00566nta a2200157 i 4500 | ||
|---|---|---|---|
| 001 | dipl38880 | ||
| 005 | 20130411091848.0 | ||
| 008 | 130411s2005 hu om 0|| hun d | ||
| 040 | |a SZTE Diploma Repozitórium |b hun | ||
| 041 | |a hun | ||
| 100 | 1 | |a Várkonyi Rita | |
| 245 | 1 | 3 | |a Az Ericsson külső public relations tevékenységének bemutatása |h [elektronikus dokumentum] / |c Rita Várkonyi |
| 260 | |c 2005 | ||
| 650 | 4 | |a Bölcsészettudományok | |
| 700 | 1 | |a Csekő Melinda |e ths | |
| 856 | 4 | 0 | |u http://diploma.bibl.u-szeged.hu/id/eprint/38880/1/2005_varkonyi_rita.pdf |z Dokumentum-elérés |